Història gràfica del moviment obrer a Catalunya / Francesc Bonamusa ...[et al.]
ISBN:
84-7794-039-8
Descripción Física:
373 p. : principalment il. ; 32 cm
Otros Autores:
Bonamusa, Francesc
MARC
| LEADER | 00000nam a2200000Ia 4500 | ||
|---|---|---|---|
| 001 | 17124 | ||
| 008 | 160829s1989 xx 000 0 cat d | ||
| 020 | |a 84-7794-039-8 (cart.) | ||
| 080 | |a FOL-2-90 | ||
| 245 | |a Història gràfica del moviment obrer a Catalunya / Francesc Bonamusa ...[et al.] | ||
| 260 | |a Barcelona : |b Diputació de Barcelona, |c 1989 | ||
| 300 | |a 373 p. : |b principalment il. ; |c 32 cm | ||
| 650 | |a Moviment obrer |x Catalunya |x Història |9 22074 | ||
| 651 | 0 | |a Catalunya |x Política i govern |9 53682 | |
| 700 | |a Bonamusa, Francesc |9 36018 | ||
| 710 | 1 | |a Barcelona (Catalunya : Província). |b Diputació |9 52408 | |
| 901 | |a Arxiu | ||
| 942 | |n 1 | ||
| 952 | |0 0 |1 0 |4 0 |6 FOL290 |7 1 |9 42040 |a Arxiu |b Arxiu |d 2016-12-01 |l 0 |o FOL-2-90 |p 17124 |r 2016-12-01 00:00:00 |w 2016-12-01 |y ARXIU | ||
| 999 | |c 44487 |d 44487 | ||